000 00494nam a2200181Ia 4500
005 20250508155700.0
008 008 250505s9999 xx 000 0 eng d
037 _aBooks to be hide in OPAC
040 _aFEDL
_beng
_cFEDL
041 _aeng
_2eng
084 _a363.45, LOS/O
_qFEDL
245 0 _aDrug abuse control administrative guidelines
245 0 _cDrug Abuse Council
260 _c1970
300 _a11p.
942 _cHB
_h363.45, LOS/O
999 _c1358775
_d1358775